000
00287nam a22001337a 4500
008
170203b xxu||||| |||| 00| 0 eng d
020
_a
9780721639352
041
_a
eng
080
_a
61
100
_a
3
101
_a
shm
245
_a
QUICK GUIDE TO HIPAA
_c
BURTON, B.K
942
_2
udc
_c
BK
999
_c
4443
_d
4443